00400nam a2200181Ia 4500003000900000008004100009040001300050040001300063041000800076100002300084245005600107250001100163260000800174260000900182300001100191300001000202490000600212IT-RoPAU120407s9999 xx 000 0 und d aIT-RoPAU cIT-RoPAU aita aDomenico Giuliotti aIl ponte sul mondo. Commento alla Messa. 3a. ed. aTorino aSei c1934 a255 p. c17 cm v1